000 00366nam a2200145Ia 4500
008 090122s9999 xx 000 0 und d
082 _b5121
_a641.5
100 _aदुर्गा
_bभागवत
245 _aखमंग
600 _aदुर्गा
630 _aखमंग
700 _aदुर्गा
730 _aखमंग
942 _cBOOK
999 _c29199
_d29199